Album By Picture #2 - Statistics

General Stats
  • This quiz has been taken 195 times
  • The average score is 5 of 16
Answer Stats
Picture Hint Answer % Correct
2013 AM
68%
1994 Weezer (The Blue Album)
68%
1975 Wish You Were Here
64%
1991 Ten
51%
2008 808s & Heartbreak
40%
1984 The Smiths
38%
2003 Elephant
35%
1973 Houses of the Holy
35%
1998 In the Aeroplane Over the Sea
31%
2019 Fine Line
28%
1995 Post
18%
2015 Beauty Behind the Madness
16%
1991 Screamadelica
15%
1958 Bo Diddley/Go Bo Diddley
14%
1980 Dirty Mind
9%
1979 Risqué
2%
No matching quizzes found
Score Distribution
Percent of People with Each Score
Percentile by Number Answered
Your Score History
You have not taken this quiz